| 000 | 00931nam0a2200313 4500 | ||
|---|---|---|---|
| 001 | RU\NLR\BIBL_A\012585770 | ||
| 005 | 20211019144804.0 | ||
| 010 | _a978-5-0053-4960-6 | ||
| 021 |
_aRU _bКН-П-21-026501 _9КН-П-21-2047 |
||
| 035 | _a(NLR Aleph) 012585770 | ||
| 090 |
_a12536524 _c12536524 |
||
| 100 | _a20210826d2021 m y0rusy50 ca | ||
| 101 | 0 | _arus | |
| 102 | _aRU | ||
| 105 | _aa z 000ay | ||
| 181 | 0 |
_ai _baxxe |
|
| 182 | 0 | _an | |
| 200 | 1 |
_aАлекса _fМайя Неверович |
|
| 203 |
_aТекст _bвизуальный _cнепосредственный |
||
| 210 |
_a[Б. м.] _cИздательские решения _d2021 |
||
| 215 |
_a140, [2] с. _cил. _d20 |
||
| 333 | _a18+ | ||
| 686 | 2 | _aШ6(2=Р)8-440.4 | |
| 700 | 1 |
_aНеверович _bМ. _gМайя |
|
| 942 | _cBOOK | ||
| 980 | _aNB | ||